Holiday Quiz

Random Holiday or Easter Quiz

Holiday Shoes Quiz Stats

 Plays Quiz Updated Nov 6, 2017

Also try: Movie Shoes
Challenge
Share
Tweet
Score 0/16 Timer 06:00
6 Plays Today
% Correct
Christmas
99.8%
Halloween
97.6%
St. Patrick's Day
97.5%
US Independence Day
96.4%
Valentine's Day
95.1%
Easter
94%
Pi Day
92.2%
Thanksgiving
91.4%
% Correct
Canada Day
86.1%
US Election Day
83.6%
Hanukkah
82.4%
Day of the Dead
78.2%
Earth Day
70.1%
Remembrance Day
69.7%
Mardi Gras
68.6%
Guy Fawkes Night
55.7%

You're not logged in!

Compare scores with friends on all Sporcle quizzes.
Join for Free
OR
Log In

You Might Also Like...

Show Comments

Extras

Top Quizzes Today


Score Distribution

Your Account Isn't Verified!

In order to create a playlist on Sporcle, you need to verify the email address you used during registration. Go to your Sporcle Settings to finish the process.

Report this User

Report this user for behavior that violates our Community Guidelines.

Details: